| 000 | 00440nam a2200157Ia 4500 | ||
|---|---|---|---|
| 008 | 230312s9999||||xx |||||||||||||| ||und|| | ||
| 020 | _a81-317-0171-3 | ||
| 082 |
_a621.317 _bRAJ-E |
||
| 100 | _aRaju;G.S.N | ||
| 245 | 0 | _aElectromagnetic Field Theory and Transmission Lines | |
| 260 |
_bPearson _aIndia _c2013 |
||
| 300 | _a584 | ||
| 546 | _aEng. | ||
| 650 |
_aEngineering _vElectromagnetic Field Theory and Transmission Lines |
||
| 942 | _cBK | ||
| 999 |
_c8422 _d8422 |
||